5HLuxD.jpg

KING HENRY VIII SENIOR AND PRIMARY SCHOOL LIBRARY OPAC

Chinese New Year / (Record no. 1048)

000 -LEADER
fixed length control field 01303cam a22003614i 4500
001 - CONTROL NUMBER
control field 19355925
003 - CONTROL NUMBER IDENTIFIER
control field OSt
005 - DATE AND TIME OF LATEST TRANSACTION
control field 20200521152920.0
008 - FIXED-LENGTH DATA ELEMENTS--GENERAL INFORMATION
fixed length control field 161028s2017 mnua b 001 0 eng
010 ## - LIBRARY OF CONGRESS CONTROL NUMBER
LC control number 2016034437
020 ## - INTERNATIONAL STANDARD BOOK NUMBER
International Standard Book Number 9781515748571 (pbk.)
040 ## - CATALOGING SOURCE
Original cataloging agency DLC
Language of cataloging eng
Transcribing agency DLC
Description conventions rda
Modifying agency DLC
042 ## - AUTHENTICATION CODE
Authentication code pcc
043 ## - GEOGRAPHIC AREA CODE
Geographic area code a-cc---
-- n-us---
050 00 - LIBRARY OF CONGRESS CALL NUMBER
Classification number GT4905
Item number .A54 2017
082 00 - DEWEY DECIMAL CLASSIFICATION NUMBER
Classification number 394.2614 AMS
Edition number 23
100 1# - MAIN ENTRY--PERSONAL NAME
Personal name Amstutz, Lisa J.,
Relator term author.
245 10 - TITLE STATEMENT
Title Chinese New Year /
Statement of responsibility, etc. by Lisa J. Amstutz.
264 #1 - PRODUCTION, PUBLICATION, DISTRIBUTION, MANUFACTURE, AND COPYRIGHT NOTICE
Place of production, publication, distribution, manufacture North Mankato, Minnesota :
Name of producer, publisher, distributor, manufacturer Capstone Press,
Date of production, publication, distribution, manufacture, or copyright notice [2017]
300 ## - PHYSICAL DESCRIPTION
Extent 24 pages :
Other physical details color illustrations ;
Dimensions 18 cm.
336 ## - CONTENT TYPE
Content type term text
Content type code txt
Source rdacontent
337 ## - MEDIA TYPE
Media type term unmediated
Media type code n
Source rdamedia
338 ## - CARRIER TYPE
Carrier type term volume
Carrier type code nc
Source rdacarrier
490 0# - SERIES STATEMENT
Series statement Little pebble. holidays around the world
504 ## - BIBLIOGRAPHY, ETC. NOTE
Bibliography, etc. note Includes bibliographical references and index.
520 ## - SUMMARY, ETC.
Summary, etc. Describes what happens during Chinese New Year
650 #0 - SUBJECT ADDED ENTRY--TOPICAL TERM
Topical term or geographic name entry element New Year
Geographic subdivision China
Form subdivision Juvenile literature.
650 #0 - SUBJECT ADDED ENTRY--TOPICAL TERM
Topical term or geographic name entry element Chinese Americans
Form subdivision Social life and customs
General subdivision Juvenile literature.
651 #0 - SUBJECT ADDED ENTRY--GEOGRAPHIC NAME
Geographic name China
General subdivision Social life and customs
Form subdivision Juvenile literature.
906 ## - LOCAL DATA ELEMENT F, LDF (RLIN)
a 7
b cbc
c orignew
d 1
e ecip
f 20
g y-gencatlg
942 ## - ADDED ENTRY ELEMENTS (KOHA)
Source of classification or shelving scheme
Koha item type Books - Non Ficton
Holdings
Withdrawn status Lost status Source of classification or shelving scheme Damaged status Not for loan Collection code Permanent Location Current Location Shelving location Date acquired Total Checkouts Full call number Barcode Date last seen Date last checked out Price effective from Koha item type Public note
          Reference KH8 Primary School Library KH8 Primary School Library Reference 2025-02-04 2 394.2614 AMS KHPL000005083 2025-12-05 2025-02-24 2025-02-04 Books - Non Ficton KH8 PRIMARY LIBRARY

Powered By KH8 IT Dept